[Event "Mittelfranken-chTB2b 1920"]
[Site "Mittelfranken"]
[Date "2020.03.08"]
[Round "7.5"]
[White "Wissmeier, Thomas"]
[Black "Traut, Gerhard"]
[Result "1-0"]
[WhiteElo "1755"]
[BlackElo "1700"]
[PlyCount "45"]
[EventDate "2019.10.13"]
[EventType "team-tourn"]
[EventRounds "9"]
[EventCountry "GER"]
[SourceTitle "EXT 2023"]
[Source "ChessBase"]
[SourceDate "2022.10.05"]
[SourceVersion "1"]
[SourceVersionDate "2022.10.05"]
[SourceQuality "1"]
[WhiteTeam "Nuernberg SK 1911 II"]
[BlackTeam "Uttenreuth"]
[WhiteTeamCountry "GER"]
[BlackTeamCountry "GER"]

1. e4 c5 2. Nf3 Nc6 3. Bc4 e6 4. Nc3 a6 5. a3 b5 6. Be2 Qc7 7. d4 cxd4 8. Nxd4 Bb7 9. Nxc6 Bxc6 10. Qd4 d6 11. Be3 Nf6 12. f3 Be7 13. h4 h6 14. g4 0-0-0 15. a4 Qb7 16. axb5 Bd7 17. bxa6 Qa8 18. Qb6 Bc6 19. Nb5 Rd7 20. Nd4 Rc7 21. a7 Nd7 22. Ba6+ Kd8 23. Nxc6+ 1-0

[Event "Mittelfranken-chTB2b 1920"]
[Site "Mittelfranken"]
[Date "2020.02.16"]
[Round "6.5"]
[White "Meyer, Robert"]
[Black "Wissmeier, Thomas"]
[Result "1/2-1/2"]
[WhiteElo "1704"]
[BlackElo "1755"]
[PlyCount "107"]
[EventDate "2019.10.13"]
[EventType "team-tourn"]
[EventRounds "9"]
[EventCountry "GER"]
[SourceTitle "EXT 2023"]
[Source "ChessBase"]
[SourceDate "2022.10.05"]
[SourceVersion "1"]
[SourceVersionDate "2022.10.05"]
[SourceQuality "1"]
[WhiteTeam "Stein SC"]
[BlackTeam "Nuernberg SK 1911 II"]
[WhiteTeamCountry "GER"]
[BlackTeamCountry "GER"]

1. c4 e5 2. Nc3 Nf6 3. Nf3 Nc6 4. d3 d5 5. cxd5 Nxd5 6. g3 Bb4 7. Bd2 Nxc3 8. bxc3 Bd6 9. Bg2 Qe7 10. e4 f5 11. Bg5 Qf7 12. exf5 Bxf5 13. Nh4 Bd7 14. Qb3 Be6 15. Qxb7 0-0 16. 0-0 h6 17. Be3 g5 18. Qxc6 gxh4 19. Bxh6 Rfe8 20. Qe4 h3 21. Bh1 Rab8 22. c4 Rb2 23. Be3 Qf5 24. Bxa7 Qxe4 25. Bxe4 Rf8 26. Be3 Bf5 27. Bxf5 Rxf5 28. c5 Be7 29. a4 Rf8 30. a5 Ra8 31. a6 Rb5 32. Rfc1 c6 33. Kf1 Kf7 34. a7 Ke6 35. Ke2 Rb7 36. Ra6 Kd5 37. Rca1 Rb3 38. Rb6 Rb5 39. Kf3 Bxc5 40. Bxc5 Kxc5 41. Rxb5+ cxb5 42. Ke4 b4 43. Kxe5 b3 44. Rc1+ Kb4 45. Rc7 b2 46. Rb7+ Kc3 47. Rc7+ Kxd3 48. Rb7 Kc2 49. f4 Rxa7 50. Rxb2+ Kxb2 51. Kf5 Kc3 52. Kg4 Rh7 53. f5 Kd4 54. Kf4 1/2-1/2

[Event "Mittelfranken-chTB2b 1819"]
[Site "Mittelfranken"]
[Date "2019.03.31"]
[Round "8.6"]
[White "Wissmeier, Thomas"]
[Black "Krauss, Hermann"]
[Result "1-0"]
[WhiteElo "1757"]
[BlackElo "1933"]
[PlyCount "55"]
[EventDate "2018.10.14"]
[EventType "team-tourn"]
[EventRounds "9"]
[EventCountry "GER"]
[SourceTitle "EXT 2022"]
[Source "ChessBase"]
[SourceDate "2021.10.06"]
[SourceVersion "1"]
[SourceVersionDate "2021.10.06"]
[SourceQuality "1"]
[WhiteTeam "Nuernberg SK 1911 II"]
[BlackTeam "Nuernberg Noris Tarrasch IV"]
[WhiteTeamCountry "GER"]
[BlackTeamCountry "GER"]

1. e4 c5 2. Nf3 e6 3. Nc3 a6 4. Be2 Qc7 5. d4 cxd4 6. Nxd4 d6 7. Be3 Nf6 8. Bf3 Nbd7 9. 0-0 Ne5 10. Be2 b5 11. f4 Nc4 12. Bxc4 Qxc4 13. Qd3 Qxd3 14. cxd3 Bb7 15. Rac1 Kd7 16. h3 Rc8 17. Nce2 Be7 18. Nb3 Rxc1 19. Rxc1 Rc8 20. Rxc8 Kxc8 21. Nc3 Bd8 22. Bd4 Bc6 23. Kf2 b4 24. Ne2 a5 25. e5 Ne8 26. exd6 f6 27. Nc5 Bd5 28. d7+ 1-0

[Event "Mittelfranken-chTB1 1819"]
[Site "Mittelfranken"]
[Date "2019.03.17"]
[Round "7.8"]
[White "Hehn, Christian"]
[Black "Wissmeier, Thomas"]
[Result "0-1"]
[WhiteElo "1577"]
[BlackElo "1757"]
[PlyCount "118"]
[EventDate "2018.10.14"]
[EventType "team-tourn"]
[EventRounds "9"]
[EventCountry "GER"]
[SourceTitle "EXT 2022"]
[Source "ChessBase"]
[SourceDate "2021.10.06"]
[SourceVersion "1"]
[SourceVersionDate "2021.10.06"]
[SourceQuality "1"]
[WhiteTeam "Erlangen SC III"]
[BlackTeam "Nuernberg SK 1911"]
[WhiteTeamCountry "GER"]
[BlackTeamCountry "GER"]

1. c4 e5 2. Nc3 Nf6 3. g3 d5 4. cxd5 Nxd5 5. Bg2 Nxc3 6. bxc3 Bd6 7. e4 0-0 8. Ne2 c5 9. d4 cxd4 10. cxd4 exd4 11. Qxd4 Nc6 12. Qd1 Bb4+ 13. Bd2 Bxd2+ 14. Qxd2 Qxd2+ 15. Kxd2 Be6 16. a3 Na5 17. Nc1 Nc4+ 18. Ke2 Rfd8 19. Rd1 Rxd1 20. Kxd1 Rd8+ 21. Ke1 Bg4 22. f3 Ne3 23. Kf2 Nd1+ 24. Ke1 Be6 25. Bf1 Ne3 26. Rb1 Rd1+ 27. Ke2 Rxf1 28. Kxe3 b5 29. Ra1 Rh1 30. h4 h5 31. Nb3 Rh3 32. Nd4 Bc4 33. Kf4 Rh2 34. Rb1 a6 35. Ra1 Rd2 36. Nc6 Rd6 37. Ne5 Be6 38. Rc1 f6 39. Nc6 Kf7 40. Ke3 Bc4 41. Nd4 Rd7 42. Rc2 g6 43. f4 Ke7 44. Rd2 Rc7 45. Rc2 Kd6 46. Rc1 Rc5 47. Rc2 Bf7 48. Kd3 Rxc2 49. Kxc2 Kc5 50. Kc3 a5 51. Nc2 Bg8 52. Ne3 b4+ 53. axb4+ axb4+ 54. Kd3 b3 55. Kc3 b2 56. Kxb2 Kd4 57. Nd5 Bxd5 58. exd5 Kxd5 59. Kc3 Ke4 0-1

[Event "Mittelfranken-chTB2b 1819"]
[Site "Mittelfranken"]
[Date "2019.02.10"]
[Round "5.4"]
[White "Smyk, Jozef"]
[Black "Wissmeier, Thomas"]
[Result "1-0"]
[WhiteElo "1960"]
[BlackElo "1757"]
[PlyCount "91"]
[EventDate "2018.10.14"]
[EventType "team-tourn"]
[EventRounds "9"]
[EventCountry "GER"]
[SourceTitle "EXT 2022"]
[Source "ChessBase"]
[SourceDate "2021.10.06"]
[SourceVersion "1"]
[SourceVersionDate "2021.10.06"]
[SourceQuality "1"]
[WhiteTeam "Neumarkt"]
[BlackTeam "Nuernberg SK 1911 II"]
[WhiteTeamCountry "GER"]
[BlackTeamCountry "GER"]

1. d4 d5 2. Bf4 e6 3. e3 Bd6 4. Bg3 Bxg3 5. hxg3 Nf6 6. Bd3 c5 7. c3 cxd4 8. exd4 Nc6 9. Nf3 Qd6 10. Qe2 Bd7 11. Ne5 Qe7 12. Nd2 0-0-0 13. Nb3 Nxe5 14. dxe5 Ne4 15. Bxe4 dxe4 16. Nd4 f5 17. exf6 Qxf6 18. Qxe4 e5 19. Nf3 Bc6 20. Qg4+ Kb8 21. 0-0 h5 22. Qg5 Qxg5 23. Nxg5 Rd2 24. b3 h4 25. g4 a5 26. Rfd1 Rc2 27. Rdc1 Rd2 28. Re1 Rf8 29. f3 h3 30. Nxh3 Bxf3 31. gxf3 Rxf3 32. Ng5 Rg3+ 33. Kf1 Rxg4 34. Rxe5 Rh2 35. Rae1 Rxa2 36. R1e2 Rf4+ 37. Ke1 Ra1+ 38. Kd2 a4 39. b4 Rff1 40. Kd3 a3 41. Kc4 a2 42. Ra5 Rfe1 43. Rxe1 Rxe1 44. Rxa2 Re5 45. Rg2 Kc7 46. Nf7 1-0

[Event "Regionalliga Nord-Ost 1718"]
[Site "Bayern"]
[Date "2018.03.18"]
[Round "8.7"]
[White "Hanisch, Friedrich"]
[Black "Wissmeier, Thomas"]
[Result "1-0"]
[WhiteElo "1982"]
[BlackElo "1753"]
[PlyCount "99"]
[EventDate "2017.10.22"]
[EventType "team-tourn"]
[EventRounds "9"]
[EventCountry "GER"]
[SourceTitle "EXT 2022"]
[Source "ChessBase"]
[SourceDate "2021.10.06"]
[SourceVersion "1"]
[SourceVersionDate "2021.10.06"]
[SourceQuality "1"]
[WhiteTeam "Altensittenbach"]
[BlackTeam "Nuernberg SK 1911"]
[WhiteTeamCountry "GER"]
[BlackTeamCountry "GER"]

1. d4 Nf6 2. Nf3 d6 3. Nc3 g6 4. e4 Bg7 5. Be3 Bd7 6. h3 a6 7. e5 dxe5 8. dxe5 Ng8 9. Bc4 e6 10. Qd2 Qe7 11. Ne4 Bc6 12. Bc5 Qd7 13. Qe2 Bxe4 14. Qxe4 Qc6 15. Qxc6+ Nxc6 16. 0-0-0 Nge7 17. Rhe1 b6 18. Bxe7 Kxe7 19. c3 Rhd8 20. Rxd8 Nxd8 21. Kc2 b5 22. Bd3 c5 23. Be4 Rc8 24. Rd1 Nc6 25. Bxc6 Rxc6 26. Kd3 a5 27. c4 b4 28. Ke4 a4 29. Rd3 Bh6 30. Rd1 Rb6 31. Ne1 Bf8 32. f4 f5+ 33. exf6+ Kxf6 34. Rd7 Rd6 35. Rxd6 Bxd6 36. b3 axb3 37. axb3 h6 38. Nf3 Ke7 39. h4 Kf6 40. g4 Kf7 41. f5 gxf5+ 42. gxf5 Kf6 43. fxe6 Kxe6 44. h5 Bg3 45. Ng1 Bd6 46. Nh3 Be5 47. Nf2 Bf6 48. Ng4 Bg7 49. Ne3 Be5 50. Nf5 1-0

[Event "Mittelfranken-chTB2b 1718"]
[Site "Mittelfranken"]
[Date "2017.10.29"]
[Round "2.3"]
[White "Schwab, Edgar"]
[Black "Wissmeier, Thomas"]
[Result "1-0"]
[WhiteElo "1829"]
[BlackElo "1753"]
[PlyCount "93"]
[EventDate "2017.10.08"]
[EventType "team-tourn"]
[EventRounds "9"]
[EventCountry "GER"]
[SourceTitle "EXT 2022"]
[Source "ChessBase"]
[SourceDate "2021.10.06"]
[SourceVersion "1"]
[SourceVersionDate "2021.10.06"]
[SourceQuality "1"]
[WhiteTeam "Forchheim SC III"]
[BlackTeam "Nuernberg SK 1911 II"]
[WhiteTeamCountry "GER"]
[BlackTeamCountry "GER"]

1. Nf3 Nf6 2. g3 Nc6 3. d4 d5 4. Bg2 g6 5. 0-0 Bg7 6. b3 0-0 7. Bb2 Re8 8. Nbd2 Ng4 9. h3 Nf6 10. c4 Bf5 11. cxd5 Qxd5 12. Ne5 Be4 13. Nxe4 Nxe4 14. Nxc6 bxc6 15. Qc2 f5 16. e3 c5 17. Rad1 Rad8 18. Bxe4 fxe4 19. dxc5 Qf5 20. Bxg7 Kxg7 21. g4 Qf3 22. Kh2 Kh6 23. Rd4 Rxd4 24. exd4 Rf8 25. Re1 Qd3 26. Qc1+ Kg7 27. Qe3 Qc2 28. Re2 Qb1 29. Kg2 Rf7 30. Qxe4 Qd1 31. Qe5+ Kg8 32. d5 Qd3 33. Qe4 Qc3 34. b4 a5 35. Rc2 Qxb4 36. Qxb4 axb4 37. Rc4 Rf8 38. Rxb4 Rd8 39. Rd4 e6 40. d6 cxd6 41. Rxd6 Rc8 42. Rxe6 Kf7 43. Re5 Kf6 44. f4 Ra8 45. Re2 Ra4 46. Rc2 Ra7 47. c6 1-0

[Event "Mittelfranken-chTB1 1617"]
[Site "Mittelfranken"]
[Date "2017.02.12"]
[Round "6.7"]
[White "Schloetterer, Hermann"]
[Black "Wissmeier, Thomas"]
[Result "0-1"]
[WhiteElo "1774"]
[BlackElo "1755"]
[PlyCount "130"]
[EventDate "2016.10.23"]
[EventType "team-tourn"]
[EventRounds "9"]
[EventCountry "GER"]
[SourceTitle "EXT 2022"]
[Source "ChessBase"]
[SourceDate "2021.10.06"]
[SourceVersion "1"]
[SourceVersionDate "2021.10.06"]
[SourceQuality "1"]
[WhiteTeam "Nuernberg Zabo Eintracht"]
[BlackTeam "Nuernberg SK 1911"]
[WhiteTeamCountry "GER"]
[BlackTeamCountry "GER"]

1. d4 g6 2. e4 Bg7 3. Be3 Nf6 4. Nc3 d6 5. h3 Bd7 6. Qd2 Nc6 7. Nf3 a6 8. a4 Qc8 9. Bh6 0-0 10. Bxg7 Kxg7 11. Be2 e5 12. g4 exd4 13. Nxd4 Qe8 14. Nf5+ Bxf5 15. exf5 Ne4 16. Qe3 Nxc3 17. Qxc3+ Qe5 18. f4 Qxc3+ 19. bxc3 Rfe8 20. Kd2 Re4 21. Rhf1 Rae8 22. Bd3 Re3 23. Rae1 Rxe1 24. Rxe1 Rxe1 25. Kxe1 Ne7 26. fxg6 hxg6 27. Be4 d5 28. Bf3 c6 29. Kd2 Kf6 30. g5+ Ke6 31. Bg4+ f5 32. Bf3 Nc8 33. Be2 Nd6 34. h4 Ne4+ 35. Kd3 Nc5+ 36. Kd4 Nxa4 37. c4 c5+ 38. Kd3 d4 39. Bf3 Nb2+ 40. Ke2 Nxc4 41. Bxb7 a5 42. Bc6 Ne3 43. Kd3 Nd5 44. Kc4 Nxf4 45. Kxc5 Ke5 46. Kb5 Ne6 47. Kc4 f4 48. Bf3 Ng7 49. c3 dxc3 50. Kxc3 a4 51. Bd1 a3 52. Kb3 Kd4 53. Kxa3 Ke3 54. Kb4 f3 55. Bb3 f2 56. Bc4 Nf5 57. h5 gxh5 58. g6 h4 59. Bf1 Kd2 60. Kc5 Ke1 61. Kd5 Kxf1 62. Ke5 Ng7 63. Kf6 Ke1 64. Kxg7 f1Q 65. Kh7 Qf6 0-1

[Event "Mittelfranken-chTB2b 1516"]
[Site "Mittelfranken"]
[Date "2016.04.17"]
[Round "9.4"]
[White "Karataev, Phillip"]
[Black "Wissmeier, Thomas"]
[Result "1/2-1/2"]
[WhiteElo "1786"]
[BlackElo "1755"]
[PlyCount "32"]
[EventDate "2015.10.18"]
[EventType "team-tourn"]
[EventRounds "9"]
[EventCountry "GER"]
[SourceTitle "EXT 2020"]
[Source "ChessBase"]
[SourceDate "2019.10.17"]
[SourceVersion "1"]
[SourceVersionDate "2019.10.17"]
[SourceQuality "1"]
[WhiteTeam "Erlangen SC III"]
[BlackTeam "Nuernberg SK 1911 II"]
[WhiteTeamCountry "GER"]
[BlackTeamCountry "GER"]

1. d4 g6 2. e4 Bg7 3. Nf3 Nf6 4. Nc3 0-0 5. Be3 d6 6. h3 Nc6 7. Be2 a6 8. 0-0 b5 9. a3 Bd7 10. Re1 Qc8 11. Bf1 e5 12. dxe5 Nxe5 13. Nxe5 dxe5 14. Qd2 Be6 15. Rad1 Qb7 16. Bg5 c6 1/2-1/2

[Event "Mittelfranken-chTB2b 1516"]
[Site "Mittelfranken"]
[Date "2015.11.22"]
[Round "3.4"]
[White "Wissmeier, Thomas"]
[Black "Simon, Martin"]
[Result "1-0"]
[WhiteElo "1755"]
[BlackElo "1898"]
[PlyCount "53"]
[EventDate "2015.10.18"]
[EventType "team-tourn"]
[EventRounds "9"]
[EventCountry "GER"]
[SourceTitle "EXT 2020"]
[Source "ChessBase"]
[SourceDate "2019.10.17"]
[SourceVersion "1"]
[SourceVersionDate "2019.10.17"]
[SourceQuality "1"]
[WhiteTeam "Nuernberg SK 1911 II"]
[BlackTeam "Neumarkt"]
[WhiteTeamCountry "GER"]
[BlackTeamCountry "GER"]

1. e4 e5 2. Nc3 Nc6 3. Nf3 Nf6 4. d3 h6 5. Be2 d5 6. exd5 Nxd5 7. Nxd5 Qxd5 8. 0-0 Bc5 9. Be3 0-0 10. Bxc5 Qxc5 11. a3 Be6 12. b4 Qd6 13. Qc1 Rfe8 14. b5 Nd4 15. Nxd4 exd4 16. Bf3 Bd5 17. Bxd5 Qxd5 18. Qb2 Re5 19. Rae1 Rae8 20. Rxe5 Rxe5 21. a4 Re2 22. h3 Qc5 23. Rc1 Qc3 24. Qxc3 dxc3 25. g4 Kf8 26. Kg2 Ke7 27. Kf3 1-0

[Event "Mittelfranken-chTB2b 1516"]
[Site "Mittelfranken"]
[Date "2015.11.08"]
[Round "2.4"]
[White "Traut, Gerhard"]
[Black "Wissmeier, Thomas"]
[Result "0-1"]
[WhiteElo "1797"]
[BlackElo "1755"]
[PlyCount "42"]
[EventDate "2015.10.18"]
[EventType "team-tourn"]
[EventRounds "9"]
[EventCountry "GER"]
[SourceTitle "EXT 2020"]
[Source "ChessBase"]
[SourceDate "2019.10.17"]
[SourceVersion "1"]
[SourceVersionDate "2019.10.17"]
[SourceQuality "1"]
[WhiteTeam "Uttenreuth"]
[BlackTeam "Nuernberg SK 1911 II"]
[WhiteTeamCountry "GER"]
[BlackTeamCountry "GER"]

1. e4 g6 2. d4 Bg7 3. c4 d6 4. Nc3 Nf6 5. f3 0-0 6. Be3 c6 7. Bd3 Nbd7 8. Nge2 e5 9. d5 Nh5 10. g4 Nf4 11. Nxf4 exf4 12. Bxf4 Bxc3+ 13. bxc3 Qf6 14. Qd2 Nc5 15. Be2 Bxg4 16. 0-0 Bh3 17. Rfb1 Rfe8 18. dxc6 bxc6 19. Qxd6 Ne6 20. Qe5 Qxf4 21. Qa5 Qe3+ 0-1

[Event "Mittelfranken-chTB1 1415"]
[Site "Mittelfranken"]
[Date "2015.04.19"]
[Round "9.4"]
[White "Wissmeier, Thomas"]
[Black "Link, Andreas"]
[Result "0-1"]
[WhiteElo "1755"]
[BlackElo "1977"]
[PlyCount "60"]
[EventDate "2014.09.29"]
[EventType "team-tourn"]
[EventRounds "9"]
[EventCountry "GER"]
[SourceTitle "EXT 2020"]
[Source "ChessBase"]
[SourceDate "2019.10.17"]
[SourceVersion "1"]
[SourceVersionDate "2019.10.17"]
[SourceQuality "1"]
[WhiteTeam "Nuernberg SK 1911 II"]
[BlackTeam "Nuernberg Zabo"]
[WhiteTeamCountry "GER"]
[BlackTeamCountry "GER"]

1. e4 e5 2. Nf3 Nc6 3. Bc4 Nf6 4. d3 Be7 5. Nc3 d6 6. h3 Be6 7. Bxe6 fxe6 8. 0-0 Qd7 9. a3 0-0 10. b4 a5 11. b5 Nd4 12. Nxd4 exd4 13. Ne2 e5 14. a4 d5 15. f3 c6 16. bxc6 Qxc6 17. Ba3 Rf7 18. Qd2 Bxa3 19. Rxa3 b5 20. axb5 Qxb5 21. Rb3 Qc5 22. Kh2 a4 23. Rb2 dxe4 24. fxe4 Nxe4 25. Qe1 Rxf1 26. Qxf1 Nf6 27. Qf3 e4 28. dxe4 d3 29. Ng3 dxc2 30. e5 Rf8 0-1

[Event "Mittelfranken-chTB1 1415"]
[Site "Mittelfranken"]
[Date "2015.03.22"]
[Round "8.4"]
[White "Mueller, Stefan"]
[Black "Wissmeier, Thomas"]
[Result "1-0"]
[WhiteElo "1847"]
[BlackElo "1755"]
[PlyCount "39"]
[EventDate "2014.09.29"]
[EventType "team-tourn"]
[EventRounds "9"]
[EventCountry "GER"]
[SourceTitle "EXT 2020"]
[Source "ChessBase"]
[SourceDate "2019.10.17"]
[SourceVersion "1"]
[SourceVersionDate "2019.10.17"]
[SourceQuality "1"]
[WhiteTeam "Siemens Erlangen"]
[BlackTeam "Nuernberg SK 1911 II"]
[WhiteTeamCountry "GER"]
[BlackTeamCountry "GER"]

1. e4 c5 2. Nf3 Nc6 3. d4 cxd4 4. Nxd4 Nf6 5. Nc3 e6 6. a3 Be7 7. Be3 0-0 8. Bd3 Ne5 9. 0-0 d5 10. exd5 Nfg4 11. dxe6 Bc5 12. Nf5 fxe6 13. Bxc5 exf5 14. Bxf8 Qc7 15. f4 Qb6+ 16. Kh1 Ne3 17. Qe2 N5g4 18. Rf3 Qxb2 19. Re1 Qxc3 20. Bb4 1-0

[Event "Mittelfranken-chTB1 1415"]
[Site "Mittelfranken"]
[Date "2015.03.08"]
[Round "7.4"]
[White "Wissmeier, Thomas"]
[Black "Trockmann, Rafael"]
[Result "1/2-1/2"]
[WhiteElo "1755"]
[BlackElo "1835"]
[PlyCount "171"]
[EventDate "2014.09.29"]
[EventType "team-tourn"]
[EventRounds "9"]
[EventCountry "GER"]
[SourceTitle "EXT 2020"]
[Source "ChessBase"]
[SourceDate "2019.10.17"]
[SourceVersion "1"]
[SourceVersionDate "2019.10.17"]
[SourceQuality "1"]
[WhiteTeam "Nuernberg SK 1911 II"]
[BlackTeam "Herzogenaurach"]
[WhiteTeamCountry "GER"]
[BlackTeamCountry "GER"]

1. e4 Nf6 2. d3 d6 3. Be2 e5 4. Nf3 Be7 5. 0-0 0-0 6. h3 h6 7. Nc3 Be6 8. Bd2 Qd7 9. Kh2 Nc6 10. Qc1 Nh7 11. Be3 f5 12. exf5 Bxf5 13. Ne4 g5 14. Ng3 Be6 15. d4 Bf6 16. Ne4 Bg7 17. Qd2 Qf7 18. Ng3 d5 19. dxe5 Nxe5 20. Bd4 Nxf3+ 21. Bxf3 Nf6 22. Rae1 Rad8 23. c3 b6 24. b4 Qd7 25. Nh5 Nxh5 26. Bxh5 Qd6+ 27. Kg1 c5 28. bxc5 bxc5 29. Bxc5 Qxc5 30. Rxe6 Qxc3 31. Qxc3 Bxc3 32. Rxh6 Rf6 33. Rxf6 Bxf6 34. Bd1 d4 35. Bb3+ Kg7 36. f4 gxf4 37. Rxf4 d3 38. Rf1 d2 39. Rd1 Bh4 40. Kh2 Rd3 41. Bc2 Bg3+ 42. Kg1 Re3 43. Rf1 Rc3 44. Bb3 Rc1 45. Rd1 Be1 46. Kf1 Rc5 47. Ke2 Re5+ 48. Kf3 a5 49. g4 Rb5 50. Ke2 Rb4 51. Bd5 Kf6 52. Bb3 Kg5 53. Bd5 Kh4 54. Kf3 Rd4 55. Be6 Rd3+ 56. Ke2 Rd6 57. Bf5 Rd5 58. Rb1 Kxh3 59. Kd1 Rc5 60. Ra1 Kg3 61. Rb1 Kf4 62. Be6 Ke3 63. Rb3+ Ke4 64. Bf5+ Ke5 65. Ke2 a4 66. Re3+ Kf6 67. Rd3 Re5+ 68. Kd1 Rb5 69. Ra3 Rb4 70. Bc2 Rxg4 71. Rxa4 Rg2 72. Rf4+ Ke5 73. Rf1 Bg3 74. a4 Bf4 75. a5 Be3 76. a6 Rg7 77. Ke2 Kd4 78. Ra1 Rg2+ 79. Kf3 Rf2+ 80. Kg3 Kc3 81. Bd1 Ba7 82. Bf3 Kb2 83. Rh1 Kc2 84. Bd1+ Kc1 85. Bf3+ Kb2 86. Rh2 1/2-1/2

[Event "Mittelfranken-chTB1 1415"]
[Site "Mittelfranken"]
[Date "2014.11.16"]
[Round "3.4"]
[White "Wissmeier, Thomas"]
[Black "Bolten, Daniel"]
[Result "1/2-1/2"]
[WhiteElo "1755"]
[BlackElo "1915"]
[PlyCount "77"]
[EventDate "2014.09.29"]
[EventType "team-tourn"]
[EventRounds "9"]
[EventCountry "GER"]
[SourceTitle "EXT 2020"]
[Source "ChessBase"]
[SourceDate "2019.10.17"]
[SourceVersion "1"]
[SourceVersionDate "2019.10.17"]
[SourceQuality "1"]
[WhiteTeam "Nuernberg SK 1911 II"]
[BlackTeam "Nuernberg Sued SW III"]
[WhiteTeamCountry "GER"]
[BlackTeamCountry "GER"]

1. e4 e6 2. d4 d5 3. exd5 exd5 4. Be2 Bd6 5. Nf3 Bg4 6. 0-0 Ne7 7. Ne5 Bf5 8. c4 0-0 9. Nc3 dxc4 10. Nxc4 Nbc6 11. Nxd6 Qxd6 12. Nb5 Qd7 13. Bf4 Nd5 14. Bg3 a6 15. Nc3 Nce7 16. Bc4 c6 17. Re1 Rfe8 18. Rc1 Rad8 19. Bxd5 Nxd5 20. Rxe8+ Rxe8 21. Qd2 Nf6 22. f3 h6 23. Bf2 Nd5 24. Nxd5 Qxd5 25. b3 Rd8 26. Qb4 Qd7 27. Re1 Be6 28. Qc5 Re8 29. h3 Bd5 30. Qc3 Re6 31. Rxe6 Qxe6 32. Qd3 Qe7 33. Qf5 Be6 34. Qc5 Qc7 35. Qc3 a5 36. a3 b5 37. Be1 a4 38. bxa4 bxa4 39. Qa5 1/2-1/2

[Event "Mittelfranken-chTB1 1415"]
[Site "Mittelfranken"]
[Date "2014.10.12"]
[Round "2.3"]
[White "Wissmeier, Thomas"]
[Black "Bader, Dominic"]
[Result "0-1"]
[WhiteElo "1755"]
[BlackElo "2007"]
[PlyCount "84"]
[EventDate "2014.09.29"]
[EventType "team-tourn"]
[EventRounds "9"]
[EventCountry "GER"]
[SourceTitle "EXT 2020"]
[Source "ChessBase"]
[SourceDate "2019.10.17"]
[SourceVersion "1"]
[SourceVersionDate "2019.10.17"]
[SourceQuality "1"]
[WhiteTeam "Nuernberg SK 1911 II"]
[BlackTeam "Buechenbach/Roth"]
[WhiteTeamCountry "GER"]
[BlackTeamCountry "GER"]

1. e4 c5 2. Nf3 Nc6 3. Be2 g6 4. Nc3 Bg7 5. 0-0 d6 6. a3 Nf6 7. d3 Rb8 8. Nd5 0-0 9. c3 Re8 10. Nxf6+ exf6 11. Ne1 b5 12. Rb1 a5 13. Be3 Qe7 14. Nc2 Be6 15. Qd2 d5 16. Bf4 Rb7 17. Rfe1 dxe4 18. dxe4 Rd8 19. Qe3 Ne5 20. Bxe5 fxe5 21. Red1 c4 22. Rxd8+ Qxd8 23. Rd1 Rd7 24. Rxd7 Qxd7 25. h3 h5 26. Qc1 Kh7 27. Ne3 Bh6 28. Qd1 Bxe3 29. fxe3 Qxd1+ 30. Bxd1 Kh6 31. Kf2 Kg5 32. Bc2 Kh4 33. Bd1 Bd7 34. b3 Be6 35. b4 axb4 36. axb4 Bd7 37. Bc2 g5 38. Bd1 Be6 39. Bc2 g4 40. hxg4 Bxg4 41. Bb1 Bd1 42. Ba2 Kg4 0-1

[Event "Mittelfranken-chTB1 1415"]
[Site "Mittelfranken"]
[Date "2014.09.28"]
[Round "1.4"]
[White "Goetz, Dieter"]
[Black "Wissmeier, Thomas"]
[Result "1/2-1/2"]
[WhiteElo "1828"]
[BlackElo "1755"]
[PlyCount "20"]
[EventDate "2014.09.29"]
[EventType "team-tourn"]
[EventRounds "9"]
[EventCountry "GER"]
[SourceTitle "EXT 2020"]
[Source "ChessBase"]
[SourceDate "2019.10.17"]
[SourceVersion "1"]
[SourceVersionDate "2019.10.17"]
[SourceQuality "1"]
[WhiteTeam "Nuernberg SK 1911"]
[BlackTeam "Nuernberg SK 1911 II"]
[WhiteTeamCountry "GER"]
[BlackTeamCountry "GER"]

1. c4 Nf6 2. Nc3 d6 3. g3 g6 4. Bg2 Bg7 5. e4 0-0 6. Nge2 Nbd7 7. 0-0 e5 8. d3 a6 9. h3 Nb6 10. Be3 Be6 1/2-1/2

[Event "Mittelfranken-chTB2a 1314"]
[Site "Mittelfranken"]
[Date "2013.10.20"]
[Round "1.8"]
[White "Wissmeier, Thomas"]
[Black "Meyer, Nico"]
[Result "1/2-1/2"]
[WhiteElo "1755"]
[BlackElo "1609"]
[PlyCount "81"]
[EventDate "2013.10.20"]
[EventType "team-tourn"]
[EventRounds "9"]
[EventCountry "GER"]
[SourceTitle "EXT 2020"]
[Source "ChessBase"]
[SourceDate "2019.10.17"]
[SourceVersion "1"]
[SourceVersionDate "2019.10.17"]
[SourceQuality "1"]
[WhiteTeam "Nuernberg SK 1911 II"]
[BlackTeam "Bechhofen II"]
[WhiteTeamCountry "GER"]
[BlackTeamCountry "GER"]

1. e4 e5 2. Nf3 Nc6 3. Bc4 Bc5 4. Nc3 Nf6 5. d3 h6 6. 0-0 d6 7. Na4 Bb6 8. Nxb6 axb6 9. d4 Bg4 10. Bb5 exd4 11. Bxc6+ bxc6 12. Qxd4 Bxf3 13. gxf3 Qd7 14. e5 c5 15. Qe3 dxe5 16. Qxe5+ Kf8 17. Bf4 Rc8 18. Rad1 Qc6 19. Rd3 Qe6 20. Qxe6 fxe6 21. Re1 Kf7 22. c4 Rhe8 23. Be5 Re7 24. a4 Rd7 25. Red1 Rxd3 26. Rxd3 Ke7 27. Kf1 g6 28. a5 Nd7 29. Bc3 Ra8 30. axb6 cxb6 31. h4 Ra1+ 32. Kg2 Ra4 33. b3 Ra3 34. Bd2 Ne5 35. Re3 Ra2 36. Bc1 Rc2 37. Rxe5 Rxc1 38. Re3 Rc2 39. Kg3 Rd2 40. b4 Rc2 41. bxc5 1/2-1/2

[Event "Mittelfranken-chTB2a 0809"]
[Site "Mittelfranken"]
[Date "2009.04.26"]
[Round "9.6"]
[White "Wissmeier, Thomas"]
[Black "Quaschner, Manuel"]
[Result "1-0"]
[WhiteElo "1854"]
[BlackElo "1683"]
[PlyCount "35"]
[EventDate "2008.10.12"]
[EventType "team"]
[EventRounds "9"]
[EventCountry "GER"]
[SourceTitle "EXT 2011"]
[Source "ChessBase"]
[SourceDate "2010.11.26"]
[SourceVersion "1"]
[SourceVersionDate "2010.11.26"]
[SourceQuality "1"]
[WhiteTeam "Nuernberg SK 1911"]
[BlackTeam "Grossenseebach II"]
[WhiteTeamCountry "GER"]
[BlackTeamCountry "GER"]

1. e4 c5 2. Nf3 Nc6 3. d4 cxd4 4. Nxd4 g6 5. Nxc6 bxc6 6. Qd4 Nf6 7. Nc3 d6 8. e5 c5 9. Qf4 Nd7 10. Qe4 Rb8 11. exd6 e5 12. Bc4 Bg7 13. h4 0-0 14. Bg5 Nf6 15. Qc6 Qb6 16. Qxb6 Rxb6 17. 0-0-0 Bd7 18. Bxf6 1-0